000 00531nam a22002057a 4500
005 20260330170123.0
008 260330b |||||||| |||| 00| 0 eng d
020 _a9789353430191
041 _aeng
082 _a658.8
_bHEM B22979
100 _aHemann C
_9217477
245 _aDigital Marketing Analytics
_c2nd Ed.
250 _a2nd Ed.
260 _aNoida
_bPearson India
_c2025
300 _a252p
500 _aDigital Marketing Analytics
500 _aMarketing Management
700 _aBurbary K
_9217478
942 _cBK
999 _c370825
_d370825